| 000 | 00432nam a2200121 a 4500 | ||
|---|---|---|---|
| 008 | 120416s9999 xx |||||||||||||| || u | ||
| 050 | _aTS 305 Bod | ||
| 100 | _aBodsworth, C | ||
| 245 | 1 | 0 | _aPhysical chemistry of iron and steel manufacture |
| 250 | _a2nd ed. | ||
| 350 | _a0.00 | ||
| 995 |
_D0.00 _FCBU-MAIN LIBRARY (Kitwe) _H1 _I15.00 _UAVAILABLE _ZAnnex Low-Usage Collection |
||
| 999 |
_c53550 _d53550 |
||